Spain : (Record no. 58001)
[ view plain ]
| 000 -LEADER | |
|---|---|
| fixed length control field | 00935nam a2200277 a 4500 |
| 001 - CONTROL NUMBER | |
| control field | 58001 |
| 003 - CONTROL NUMBER IDENTIFIER | |
| rucl marc code | BD-RjUL |
| 005 - DATE AND TIME OF LATEST TRANSACTION | |
| control field | 20211209080557.0 |
| 008 - FIXED-LENGTH DATA ELEMENTS--GENERAL INFORMATION | |
| fixed length control field | 161212s1985 coua b 001 0 eng |
| 020 ## - INTERNATIONAL STANDARD BOOK NUMBER | |
| International Standard Book Number | 0865313350 |
| 035 ## - SYSTEM CONTROL NUMBER | |
| System control number | (BD-RjUL) 58125 |
| 040 ## - CATALOGING SOURCE | |
| Original cataloging agency | DLC |
| Transcribing agency | DLC |
| Modifying agency | DLC |
| -- | BD-RjUL |
| Language of cataloging | eng |
| 041 ## - LANGUAGE CODE | |
| Language code of text/sound track or separate title | eng |
| 082 00 - DEWEY DECIMAL CLASSIFICATION NUMBER | |
| Classification number | 946.08 |
| Edition number | 23 |
| Author mark and year | ARS 1985 |
| 100 1# - MAIN ENTRY--PERSONAL NAME | |
| Personal name | Arango, E. Ramón |
| Fuller form of name | (Ergasto Ramón) |
| 9 (RLIN) | 172256 |
| 245 10 - TITLE STATEMENT | |
| Title | Spain : |
| Remainder of title | from repression to renewal / |
| Statement of responsibility, etc. | E. Ramón Arango. |
| 260 ## - PUBLICATION, DISTRIBUTION, ETC. (IMPRINT) | |
| Place of publication, distribution, etc. | Boulder : |
| Name of publisher, distributor, etc. | Westview Press, |
| Date of publication, distribution, etc. | c1985. |
| 300 ## - PHYSICAL DESCRIPTION | |
| Pagination | xii, 244 p. : |
| Illustrations | ill. ; |
| Size | 24 cm. |
| 490 ## - SERIES STATEMENT | |
| Series statement | Westview profiles., Nations of contemporary Western Europe |
| 500 ## - GENERAL NOTE | |
| General note | Includes index. |
| 504 ## - BIBLIOGRAPHY, ETC. NOTE | |
| Bibliography, etc | Bibliography: p. 231-233. |
| 651 #0 - SUBJECT ADDED ENTRY--GEOGRAPHIC NAME | |
| Geographic name | Spain |
| General subdivision | Politics and government |
| Chronological subdivision | 1975-1982. |
| 9 (RLIN) | 172257 |
| Geographic name | Spain |
| General subdivision | History |
| Chronological subdivision | 1975- |
| 9 (RLIN) | 172258 |
| 830 ## - SERIES ADDED ENTRY--UNIFORM TITLE | |
| Uniform title | Westview profiles., Nations of contemporary Western Europe |
| 942 ## - ADDED ENTRY ELEMENTS (KOHA) | |
| Source of classification or shelving scheme | Dewey Decimal Classification |
| Koha item type | Books |
| Lost status | Source of classification or shelving scheme | Damaged status | Not for loan | Collection code | Permanent Location | Current Location | Shelving location | Date acquired | Source of acquisition | Total Checkouts | Full call number | Date last seen | Copy number | Koha item type |
|---|---|---|---|---|---|---|---|---|---|---|---|---|---|---|
| Dewey Decimal Classification | Not For Loan | Non-fiction | Central Library, University of Rajshahi | Central Library, University of Rajshahi | Reading Room | 20/08/1988 | Asian Foundation | 946.08 ARS 1985 | 12/12/2016 | C-1 | Books |